Astronauts That Walked on the Moon - Statistics

General Stats
  • This quiz has been taken 272 times
  • The average score is 7 of 12
Answer Stats
Mission Year on Moon Astronaut % Correct
Apollo 11 1969 Neil Armstrong
100%
Apollo 11 1969 "Buzz" Aldrin
98%
Apollo 14 1971 Alan Shepard
66%
Apollo 17 1972 Eugene Cernan
66%
Apollo 12 1969 Alan Bean
58%
Apollo 17 1972 Harrison Schmitt
53%
Apollo 16 1972 John Young
52%
Apollo 12 1969 Pete Conrad
52%
Apollo 15 1971 David Scott
46%
Apollo 16 1972 Charles Duke
39%
Apollo 14 1971 Edgar Mitchell
38%
Apollo 15 1971 James Irwin
37%
No matching quizzes found
Score Distribution
Percent of People with Each Score
Percentile by Number Answered
Your Score History
You have not taken this quiz